01015nam a2200205 a 4500008004100000020001500041050001600056100003000072245001500102246002300117250001200140260004600152300002100198350000900219995014700228995014700375999001700522952013500539952013500674120416s1971 ||||||||||||||||| || u a0826906575 aTH 8131 Van aVan Den Branden, Felicien10aPlastering askill and practice a2nd ed. aChicagobAmerican Technical Societyc1971 avi, 543p. : ill. a0.00 aMAIN LIBRARY OPEN ACCESSD0.00e714842FCBU-MAIN LIBRARY (Kitwe)H1I5.00jTH 8131 VanUAVAILABLEy016795ZMain Library Open Access Collection aMAIN LIBRARY OPEN ACCESSD0.00e016796FCBU-MAIN LIBRARY (Kitwe)H2I5.00jTH 8131 VanUAVAILABLEy016796ZMain Library Open Access Collection c81983d81983 00102lcc4070a001b001cMain Library Open Access Collectiond2023-09-12l0oTH 8131 Vanp016795r2023-09-12t1w2023-09-12y002 00102lcc4070a001b001cMain Library Open Access Collectiond2023-09-12l0oTH 8131 Vanp016796r2023-09-12t2w2023-09-12y002